001024489 001__ 1024489 001024489 005__ 20260106055309.0 001024489 0247_ $$2HBZ$$aTT002445388 001024489 037__ $$aRWTH-2026-00102 001024489 041__ $$aGerman 001024489 082__ $$a620 001024489 1001_ $$0P:(DE-82)1024490$$aMeerbach, Kurt$$b0$$urwth 001024489 245__ $$aDer Einfluß des Herstellungsverfahrens, der Bearbeitungsvorgänge und der Betriebsverhältnisse auf die Eigenschaften der Werkstoffe für den Dampfkesselbau$$cvorgelegt von Dipl.-Ing. Kurt Meerbach$$hprint 001024489 260__ $$aBerlin$$bJ. Springer$$c1922 001024489 300__ $$aV, 198 S. : mit Abb. : 8 001024489 3367_ $$02$$2EndNote$$aThesis 001024489 3367_ $$0PUB:(DE-HGF)11$$2PUB:(DE-HGF)$$aDissertation / PhD Thesis$$bphd$$mphd 001024489 3367_ $$2BibTeX$$aPHDTHESIS 001024489 3367_ $$2DRIVER$$adoctoralThesis 001024489 3367_ $$2DataCite$$aOutput Types/Dissertation 001024489 3367_ $$2ORCID$$aDISSERTATION 001024489 500__ $$aDissertation zur Erlangung der Würde eines Doktoringenieurs der Technischen Hochschule Aachen. - Im Buchh. u. d. T.: Die Werkstoffe für den Dampfkesselbau 001024489 502__ $$aDissertation, Aachen, Techn. Hochsch., 1921$$bDissertation$$cAachen, Techn. Hochsch.$$d1921$$gFak00$$o1921-11-09 001024489 5203_ $$aonline nicht verfügbar$$lger 001024489 520__ $$leng 001024489 588__ $$aDataset connected to Lobid/HBZ 001024489 591__ $$aGermany 001024489 7001_ $$0P:(DE-82)044698$$aOberhoffer$$b1$$eThesis advisor$$urwth 001024489 7001_ $$avon Keil$$b2$$eThesis advisor 001024489 909CO $$ooai:publications.rwth-aachen.de:1024489$$pVDB 001024489 9101_ $$0I:(DE-588b)36225-6$$6P:(DE-82)1024490$$aRWTH Aachen$$b0$$kRWTH 001024489 9101_ $$0I:(DE-588b)36225-6$$6P:(DE-82)044698$$aRWTH Aachen$$b1$$kRWTH 001024489 9141_ $$y1922 001024489 9201_ $$0I:(DE-82)hsbk000000_20140620$$khsbk000000$$lRWTH Aachen$$x0 001024489 961__ $$c2026-01-05T13:05:52.334500$$x2026-01-05T13:05:52.334500$$z2026-01-05T13:05:52.334500 001024489 980__ $$aI:(DE-82)hsbk000000_20140620 001024489 980__ $$aUNRESTRICTED 001024489 980__ $$aVDB 001024489 980__ $$aphd